Statistiques concernant Les départements français qui ont une frontière avec 2 pays

Cliquez ici pour prendre le quiz!

Statistiques générales

  • Ce quiz a été pris 121 fois
  • Le résultat moyen est 7 sur 8

Statistiques - réponses

HintRéponse% Correct
Outre-merGuyane
96%
Grand EstHaut-Rhin
90%
Auvergne-Rhône-AlpesHaute-Savoie
89%
PACAAlpes maritimes
87%
Grand EstMoselle
87%
Grand EstMeurthe-et-Moselle
84%
OccitaniePyrénées orientales
84%
OccitanieAriége
78%

Distribution des résultats

Percentile par nombre de réponses

% des personnes avec chaque résultat

Votre développement - résultats

Vous n’avez pas pris ce quiz